00833nam a2200229 i 4500003000900000005001700009008004100026040004300067041000800110082002300118245004700141264004000188300002100228336002200249337002400271338003300295490004100328500012800369546002000497650002900517856005700546EG-GICUC20260427081944.0260427s1984 jo |fr|||| 000 0 eng d aEG-GiCUCbengcEG-GiCUCdEG-GiCUCerda 0aeng04221a341.520569bPA00aPalestine, Fundamentalism, And Liberalism. 1aAmman :bArab Thought Forum,c1984. a71pages,c24 cm. 2rda contentatext 2rda mediaaComputer 2rda carrieraOnline Resource aInternational Dialogues Series v(3) aProceeding Of The Arab-liberal International Meeting Sponsored By The Arab Thought Forum Amman-jordan 10-11 September 1984  aText in English14aPublic international law40uhttps://fll.law.cu.edu.eg/fulltext/bks/B11-07970.pdf